Statistics for Photo Quiz: 1950's Rock'n'Roll

Click here to take the quiz!

General Stats

  • This quiz has been taken 185 times
  • The average score is 10 of 20

Answer Stats

Answer% Correct
Elvis Presley
98%
Buddy Holly
95%
Chuck Berry
91%
Little Richard
86%
Roy Orbison
85%
Everly Brothers
76%
Fats Domino
68%
Bill Haley
60%
Jerry Lee Lewis
59%
Big Bopper
40%
Cliff Richard
39%
Bo Diddley
34%
Eddie Cochran
30%
Tommy Steele
25%
Gene Vincent
19%
Frankie Lymon
18%
Del Shannon
16%
Johnny Kidd
16%
Screaming Jay Hawkins
12%
Johnny Burnette
4%

Score Distribution

Percentile by Number Answered

Percent of People with Each Score

Your Score History

You have not taken this quiz